00821cam3a220026500 4500001001200000008004100012010001600053020001500069035001900084035002100103035002200124040000900146050001600155082001300171100005700184245003400241260003100275490005900306500004000365504004100405650003800446949004600484004000600530999001900536lce00768923721003s1973 nyua b 000 0 eng  a 72010163 a0471199850 a(Sirsi) r95621 a(DLC) 72010163 a(UPRA)lce00768923 dUPRA0 aTH900b.D38 a624/.0281 aDay, David A., 1924-dDay, David A., 1924-6A54261.110aConstruction equipment guide. aNew York :bWiley,c[1973]0 aWiley series of practical construction guides6S3867.1 a"A Wiley-Interscience publication." aIncludes bibliographical references. 0aConstruction equipment.6S13738.1 aTH900wlcci-135073mMAINtBOOKlON-SHELF95621 c134930d134930